Statistics for 2015-16 NFL Playoffs

Click here to take the quiz!

General Stats

  • This quiz has been taken 1,164 times
  • The average score is 10 of 12

Answers on the Map

Answers color-coded by a green-red scale on the quiz's map according to % correct below.
 

Answer Stats

Team% Correct
Denver Broncos
97%
New England Patriots
97%
Carolina Panthers
96%
Green Bay Packers
91%
Seattle Seahawks
91%
Pittsburgh Steelers
87%
Kansas City Chiefs
85%
Arizona Cardinals
78%
Houston Texans
78%
Minnesota Vikings
78%
Cincinnati Bengals
72%
Washington Redskins
68%

Score Distribution

Percentile by Number Answered

Percent of People with Each Score

Your Score History

You have not taken this quiz